000
00290nam a22001337a 4500
008
170619b xxu||||| |||| 00| 0 eng d
020
_a
9780742567276
041
_a
eng
080
_a
32
100
_a
20
101
_a
SHP
245
_a
THE GLOBAL NEW DEAL
_c
FEDICE.W.F
942
_2
udc
_c
BK
999
_c
18049
_d
18049